| 000 | 01560nam a2200349 a 4500 | ||
|---|---|---|---|
| 001 | ebr10004884 | ||
| 003 | CaPaEBR | ||
| 006 | m u | ||
| 007 | cr cn||||||||| | ||
| 008 | 950721s1996 ctu sb 001 0 eng | ||
| 010 | _z 95035714 | ||
| 020 | _z0313295115 (hardcover : alk. paper) | ||
| 040 |
_aCaPaEBR _cCaPaEBR |
||
| 035 | _a(OCoLC)70765442 | ||
| 050 | 1 | 4 |
_aPQ3980 _b.J33 1996eb |
| 082 | 0 | 4 |
_a840.9/896 _220 |
| 100 | 1 | _aJack, Belinda Elizabeth. | |
| 245 | 1 | 0 |
_aNegritude and literary criticism _h[electronic resource] : _bthe history and theory of "Negro-African" literature in French / _cBelinda Elizabeth Jack. |
| 260 |
_aWestport, Conn. : _bGreenwood Press, _c1996. |
||
| 300 | _a194 p. | ||
| 490 | 1 |
_aContributions in Afro-American and African studies, _x0069- 9624 ; _vno. 178 |
|
| 504 | _aIncludes bibliographical references (p. [169]-183) and index. | ||
| 533 |
_aElectronic reproduction. _bPalo Alto, Calif. : _cebrary, _d2013. _nAvailable via World Wide Web. _nAccess may be limited to ebrary affiliated libraries. |
||
| 650 | 0 |
_aAfrican literature (French) _xHistory and criticism. |
|
| 650 | 0 |
_aAfrican literature _zAfrica, Sub-Saharan _xHistory and criticism. |
|
| 650 | 0 | _aNegritude (Literary movement) | |
| 650 | 0 | _aBlacks in literature. | |
| 655 | 7 |
_aElectronic books. _2local |
|
| 710 | 2 | _aebrary, Inc. | |
| 830 | 0 |
_aContributions in Afro-American and African studies ; _vno. 178. |
|
| 856 | 4 | 0 |
_uhttp://site.ebrary.com/lib/rucke/Doc?id=10004884 _zAn electronic book accessible through the World Wide Web; click to view |
| 999 |
_c3219 _d3219 |
||